| 000 | 01215nam a2200313 i 4500 | ||
|---|---|---|---|
| 001 | 000004275 | ||
| 003 | DO-SdBNP | ||
| 005 | 20241029151113.0 | ||
| 007 | ta | ||
| 008 | 090721s1999 dr a 001 0 spa d | ||
| 040 |
_aDO-SdBNP _bspa _cBNPHU _erda |
||
| 082 | 4 |
_a335.5 _bI73r _222 |
|
| 100 | 1 |
_aIsa Conde, Narciso, _d1942- _912387 |
|
| 245 | 1 | 0 |
_aRearmando la utopía : _bdel neoliberalismo global al nuevo socialismo mundial / _cNarciso Isa Conde. |
| 264 | 4 |
_aSanto Domingo : _bEditora Tropical, _c1999. |
|
| 300 |
_axv, 337 páginas : _bilustraciones ; _c22 cm. |
||
| 336 |
_atexto _btxt _2rdacontent |
||
| 337 |
_asin mediación _bn _2rdamedia |
||
| 338 |
_avolumen _bnc _2rdacarrier |
||
| 500 | _aIncluye datos biográficos del autor en la contracubierta. | ||
| 504 | _aBibliografía : páginas 330-337 | ||
| 590 | _aInventariado, 2018/LP | ||
| 650 | 4 |
_aSocialismo y sociedad _xEnsayos, conferencias, etc. _912388 |
|
| 650 | 4 |
_aNeoliberalismo _912389 _vEnsayos, conferencias, etc. |
|
| 650 | 4 |
_aFormas de gobierno _912390 _vEnsayos, conferencias, etc. |
|
| 650 | 4 |
_aSistemas políticos _xHistoria _ySiglo XX _912391 _vEnsayos, conferencias, etc. |
|
| 910 | _aValidado. Control de calidad EMS | ||
| 942 |
_2ddc _cLBS1 |
||
| 999 |
_c4087 _d4087 |
||